Cuando se enciende la chispa : cómo iniciar la creatividad de grupo /

Bewaard in:
Bibliografische gegevens
Hoofdauteur: Leonard, Dorothy (autor)
Andere auteurs: Swap, Walter (autor) (autor)
Formaat: Boek
Taal:Spaans
Gepubliceerd in: México : Oxford University, 2001, c2001
Onderwerpen:
Tags: Voeg label toe
Geen labels, Wees de eerste die dit record labelt!

MARC

LEADER 00000nam^a2200000^a^4500
001 000157614
005 20250521000000.0
009 20260310100546.029
020 |a 970-613-617-7 
037 |a Acervo ITESO - Biblioteca 
041 |a ESP 
082 |a 658. 314  |b LEO 
100 |a Leonard, Dorothy  |e (autor) 
245 1 0 |a Cuando se enciende la chispa :  |b cómo iniciar la creatividad de grupo /  |c D. Leonard, W. Swap ; tr. por Esther Sada Díaz. 
264 4 |a México :  |b Oxford University,  |c 2001, c2001 
300 |a XI, 222 p. 
336 |a texto  |b txt  |2 rdacontenido 
337 |a sin mediación  |b n  |2 rdamedio 
338 |a volumen  |b nc  |2 rdasoporte 
500 |a Traducción de: When Sparks Fly. Igniting Creativity in Groups 
649 |a XX 
650 |a Creatividad 
650 |a Actitudes 
650 |a Motivación Laboral 
650 |a Trabajo en Equipo 
650 |a Productividad 
650 |a Liderazgo 
650 |a Psicología Laboral 
650 |a Recursos Humanos 
650 |a Proceso Administrativo 
650 |a Empresas -  |x Administración 
650 |a Ciencias Administrativas 
700 |a Swap, Walter  |e (autor) 
910 |a Fondo General 
920 |a Impresos - Libros 
930 |a Colección General 
905 |a 101 
901 |a 0500087065  |b IT1  |c ACC  |u 20250521 
902 |a https://opac.biblio.iteso.mx/vufind/Record/000157614